Institutional issues and perspectives in the management of fisheries and coastal resources in Southeast Asia
This volume will help highlight the intricate roles of institutions in sustainable fisheries and coastal resources governance and provide contributions to the way forward.
Gardado en:
| Formato: | Libro |
|---|---|
| Idioma: | Undetermined |
| Publicado: |
Malaysia
ICLARM
2002
|
| Những chủ đề: | |
| Các nhãn: |
Engadir etiqueta
Sen Etiquetas, Sexa o primeiro en etiquetar este rexistro!
|
| Thư viện lưu trữ: | Trung tâm Học liệu Trường Đại học Cần Thơ |
|---|
| LEADER | 00745nam a2200181Ia 4500 | ||
|---|---|---|---|
| 001 | CTU_141790 | ||
| 008 | 210402s9999 xx 000 0 und d | ||
| 082 | |a 639.20959 | ||
| 082 | |b I.59 | ||
| 245 | 0 | |a Institutional issues and perspectives in the management of fisheries and coastal resources in Southeast Asia | |
| 245 | 0 | |c Edited by Magnus Torell, Albert M. Salamanca | |
| 260 | |a Malaysia | ||
| 260 | |b ICLARM | ||
| 260 | |c 2002 | ||
| 520 | |a This volume will help highlight the intricate roles of institutions in sustainable fisheries and coastal resources governance and provide contributions to the way forward. | ||
| 650 | |a Fisheries,Nghề cá | ||
| 904 | |i Trọng Hải | ||
| 980 | |a Trung tâm Học liệu Trường Đại học Cần Thơ | ||